000 00460nam a2200181Ia 4500
003 OSt
005 20230606203508.0
008 210423s2008 xx 000 0 und d
040 _cAL
041 _aeng
082 _a362.30
_223
_bMUKA
100 _aMUKHOPADHYAY (A).
_9120387
245 _aCross roads of life and livelihood.
260 _aNew Delhi
_bVHAI
_c2008
365 _b250
_cINR
906 _aCross ; life ; livelihood. ; roads
942 _2ddc
_cBK
999 _c175943
_d175943